[Event "25. Offene Herner Stadtmeisterschaft 2024"]
[Site "Herne-Sodingen"]
[Date "2024.03.04"]
[Round "5.34"]
[White "Franzel, Christian"]
[Black "Scheithauer, Ralf"]
[Result "1-0"]
[WhiteElo "1200"]
[BlackElo "1376"]
[PlyCount "65"]
[EventDate "2024.??.??"]
[WhiteTeam "SV Schwarz-Weiß Oberha"]
[BlackTeam "Bochumer SV 02"]

1. Nf3 d5 2. d3 Nf6 3. g3 c6 4. Bg2 Bf5 5. O-O Nbd7 6. Nbd2 h6 7. Re1 e6 8. e4 dxe4 9. dxe4 Bh7 10. e5 Nd5 11. a3 Be7 12. c4 N5b6 13. b4 Nf8 14. c5 Nbd7 15. Nc4 Ng6 16. Nd6+ Bxd6 17. exd6 O-O 18. Ra2 a6 19. Rae2 Nf6 20. Bb2 Kh8 21. Bh3 Nd5 22. Nd4 Rg8 23. Qa1 Nf8 24. f4 Nd7 25. Nxe6 fxe6 26. Bxe6 N7f6 27. Bxg8 Qxg8 28. Bxf6 Nxf6 29. Re7 Rb8 30. Qe5 Bg6 31. h3 Nd5 32. Re6 Bf7 33. Rxh6+ 1-0

[Event "25. Offene Herner Stadtmeisterschaft 2024"]
[Site "Herne-Sodingen"]
[Date "2024.03.04"]
[Round "5.35"]
[White "Kümmel, Hans-Jürgen"]
[Black "Masoudi, Mohammadmahdi"]
[Result "0-1"]
[WhiteElo "1315"]
[BlackElo "1200"]
[PlyCount "58"]
[EventDate "2024.??.??"]
[WhiteTeam "SV Günnigfeld 1922 e."]
[BlackTeam "Bochumer SV 02"]

1. e4 c6 2. d4 d5 3. Nc3 dxe4 4. Nxe4 Bf5 5. Ng3 Bg6 6. Nf3 Nd7 7. Bd3 Bxd3 8. Qxd3 Ngf6 9. O-O e6 10. Re1 Be7 11. Bg5 O-O 12. Rad1 h6 13. Bc1 Rc8 14. c4 c5 15. d5 exd5 16. cxd5 Re8 17. d6 Bf8 18. Nf5 Rxe1+ 19. Rxe1 Ne8 20. b3 Rc6 21. Bb2 Nxd6 22. Ne5 Nxe5 23. Rxe5 Qf6 24. Ng3 c4 25. Qe2 c3 26. Bc1 Qg6 27. Rd5 Qb1 28. Qe3 Qxa2 29. Nh5 Qxb3 0-1

[Event "25. Offene Herner Stadtmeisterschaft 2024"]
[Site "Herne-Sodingen"]
[Date "2024.03.04"]
[Round "5.36"]
[White "Breimann, Tobias"]
[Black "Muschal, Holger"]
[Result "1-0"]
[WhiteElo "1287"]
[BlackElo "1200"]
[PlyCount "43"]
[EventDate "2024.??.??"]
[WhiteTeam "SV Waltrop 1922 e. V."]
[BlackTeam "SV Waltrop 1922 e. V."]

1. e4 e5 2. Bc4 Be7 3. d3 Nf6 4. Nf3 c6 5. Nxe5 d5 6. exd5 Nxd5 7. Qf3 Bf6 8. Bf4 Nxf4 9. Qxf4 O-O 10. O-O Nd7 11. d4 c5 12. c3 cxd4 13. cxd4 Qe7 14. Re1 Qb4 15. Qc1 Nb6 16. b3 Re8 17. Bxf7+ Kf8 18. Bxe8 Kxe8 19. Nd3+ Kf7 20. Nxb4 Bxd4 21. Qf4+ Kg8 22. Re8# 1-0

[Event "25. Offene Herner Stadtmeisterschaft 2024"]
[Site "Herne-Sodingen"]
[Date "2024.03.04"]
[Round "5.37"]
[White "Wickenfeld, Udo"]
[Black "Meiler, Wolfgang"]
[Result "1/2-1/2"]
[WhiteElo "1200"]
[BlackElo "1163"]
[PlyCount "48"]
[EventDate "2024.??.??"]
[WhiteTeam "SC Recklinghausen Altsta"]
[BlackTeam "Bochumer SV 02"]

1. d4 d5 2. Nf3 c6 3. c4 Nf6 4. Nc3 e6 5. Bg5 Nbd7 6. e3 Be7 7. cxd5 cxd5 8. Bd3 O-O 9. O-O a6 10. Qc2 h6 11. Bh4 b5 12. a3 Bb7 13. b4 Rc8 14. Qd2 Ne4 15. Bxe7 Nxd2 16. Bxd8 Nxf3+ 17. gxf3 Rfxd8 18. Ne2 Rc7 19. Rac1 Bc6 20. f4 g6 21. h3 Rdc8 22. Rc2 Nf6 23. Rfc1 Ne4 24. Bxe4 dxe4 1/2-1/2

[Event "25. Offene Herner Stadtmeisterschaft 2024"]
[Site "Herne-Sodingen"]
[Date "2024.03.04"]
[Round "5.38"]
[White "Deppe, Stephan"]
[Black "Suberski, Lukas"]
[Result "0-1"]
[WhiteElo "1200"]
[BlackElo "1157"]
[PlyCount "72"]
[EventDate "2024.??.??"]
[WhiteTeam "vereinslos"]
[BlackTeam "SV Unser Fritz Wanne-E"]

1. e4 d6 2. d4 g6 3. Nc3 Nf6 4. Nf3 Bg7 5. h3 c6 6. Be3 b5 7. Bd3 Nbd7 8. Bf4 Nb6 9. Rb1 O-O 10. O-O a5 11. a3 Bb7 12. Re1 Re8 13. e5 Nfd5 14. Nxd5 Nxd5 15. Qd2 Nxf4 16. Qxf4 dxe5 17. Nxe5 Bxe5 18. dxe5 e6 19. Rbd1 Qc7 20. Qe3 b4 21. axb4 axb4 22. Qc5 Ra5 23. Qxb4 Rd8 24. f4 c5 25. Qc3 Qb6 26. Kh1 Rd4 27. Rf1 Qc6 28. Rg1 Ra8 29. Rdf1 Rad8 30. b3 Qe8 31. Qe1 Qf8 32. Qg3 Kh8 33. Ra1 Qh6 34. Rgf1 Rg8 35. Rae1 g5 36. f5 Rh4 0-1

[Event "25. Offene Herner Stadtmeisterschaft 2024"]
[Site "Herne-Sodingen"]
[Date "2024.03.11"]
[Round "6.1"]
[White "Koscielski, Janusz"]
[Black "Kiese, Matthias"]
[Result "1/2-1/2"]
[WhiteElo "2230"]
[BlackElo "2120"]
[Annotator "georg"]
[PlyCount "83"]
[EventDate "2024.??.??"]
[WhiteTeam "SV Wattenscheid 1930 e"]
[BlackTeam "Bochumer SV 02"]

{[%evp 0,44,18,20,41,16,18,12,13,13,14,14,2,9,26,34,27,26,42,43,48,48,50,47,45,39,40,11,30,36,47,39,31,6,10,10,6,14,28,-32,-28,-24,13,5,7,3,9]} 1. e4 c5 2. c3 d5 3. exd5 Qxd5 4. Nf3 Nc6 5. Na3 Bg4 6. Be2 e6 7. d3 Nf6 8. Nc4 Qd7 9. Qb3 Bxf3 10. Bxf3 Be7 11. O-O O-O 12. Be3 Nd5 13. Rad1 Nxe3 14. fxe3 Rfd8 15. a4 Qc7 16. Bxc6 Qxc6 17. e4 Bd6 18. Rf3 a6 19. Qb6 Qxb6 20. Nxb6 Rab8 21. a5 Bc7 22. Nc4 Rd7 23. Kf1 Rbd8 24. h3 g6 25. g4 Kg7 26. Ke2 h6 27. Rb1 Bd6 28. b4 cxb4 29. Nxd6 Rxd6 30. Rxb4 R8d7 31. d4 Rc6 32. Kd3 Rc5 33. Ra4 Rb5 34. Kc2 h5 35. e5 hxg4 36. hxg4 Kh6 37. Rf4 Kg5 38. Re4 Rbd5 39. Kd3 Rb5 40. Kc2 Rbd5 41. Ra1 Rc7 42. Ra4 1/2-1/2

[Event "25. Offene Herner Stadtmeisterschaft 2024"]
[Site "Herne-Sodingen"]
[Date "2024.03.11"]
[Round "6.2"]
[White "Lang, Daniel"]
[Black "Werrn, Pascal"]
[Result "0-1"]
[WhiteElo "2098"]
[BlackElo "2132"]
[PlyCount "74"]
[EventDate "2024.??.??"]
[WhiteTeam "SV Wattenscheid 1930 e"]
[BlackTeam "SK Sodingen/Castrop 24/23 e. V."]

1. d4 Nf6 2. c4 e6 3. Nc3 Bb4 4. Qc2 O-O 5. Nf3 c5 6. dxc5 Na6 7. g3 Nxc5 8. Bg2 Nfe4 9. O-O Bxc3 10. bxc3 Qe7 11. Rd1 d6 12. Nd2 Nf6 13. Nb3 Rb8 14. Qd2 b6 15. Qxd6 Qxd6 16. Rxd6 Nce4 17. Rd3 Ba6 18. Re3 Nd6 19. Ba3 Nxc4 20. Bxf8 Nxe3 21. Bd6 Rd8 22. Be5 Nxg2 23. Kxg2 Bxe2 24. f3 Rd1 25. Rxd1 Bxd1 26. Nd4 Ba4 27. Bb8 a6 28. Kf2 Kf8 29. Ke2 Ke7 30. Kd3 Kd7 31. c4 Bc6 32. Ke3 Ne8 33. Ba7 Kc7 34. c5 b5 35. Nc2 Kb7 36. Bb6 Nf6 37. Nb4 Nd7 0-1

[Event "25. Offene Herner Stadtmeisterschaft 2024"]
[Site "Herne-Sodingen"]
[Date "2024.03.11"]
[Round "6.3"]
[White "Hahn, Matthias"]
[Black "Callenberg, Ralf"]
[Result "1-0"]
[WhiteElo "2122"]
[BlackElo "2008"]
[PlyCount "71"]
[EventDate "2024.??.??"]
[WhiteTeam "SV Bochum-Linden-Dahlh"]
[BlackTeam "Recklinghäuser SV Süd/"]

1. d4 Nf6 2. c4 g6 3. Nc3 d5 4. cxd5 Nxd5 5. e4 Nxc3 6. bxc3 Bg7 7. Nf3 c5 8. Bb5+ Bd7 9. Bxd7+ Qxd7 10. O-O cxd4 11. cxd4 Nc6 12. Be3 Rd8 13. d5 Ne5 14. Nxe5 Bxe5 15. Bd4 f6 16. Bxe5 fxe5 17. f4 O-O 18. fxe5 Rxf1+ 19. Qxf1 Qa4 20. Qd3 Qb4 21. Rd1 Qb2 22. Qd4 Qxa2 23. e6 Rf8 24. h3 h5 25. Rc1 h4 26. Qe3 Qb2 27. Qg5 Qd4+ 28. Kh1 Qxe4 29. Qxe7 Qxd5 30. Re1 Qd2 31. Qxh4 Rf2 32. Rg1 Re2 33. Qf6 Qe3 34. Qxg6+ Kh8 35. Kh2 Re1 36. Qh5+ 1-0

[Event "25. Offene Herner Stadtmeisterschaft 2024"]
[Site "Herne-Sodingen"]
[Date "2024.03.11"]
[Round "6.4"]
[White "Hammerich, Simon"]
[Black "Trzaska, Peter"]
[Result "0-1"]
[WhiteElo "2052"]
[BlackElo "2029"]
[PlyCount "64"]
[EventDate "2024.??.??"]
[WhiteTeam "SC Buer-Hassel 1919 e. V."]
[BlackTeam "SV Erkenschwick 1923 e"]

1. c4 e5 2. Nc3 Nf6 3. Nf3 Nc6 4. e3 d6 5. Be2 Be7 6. d4 O-O 7. O-O Bf5 8. d5 Nb8 9. a3 a5 10. b3 Na6 11. Bb2 Nc5 12. b4 Nce4 13. Nxe4 Nxe4 14. Bd3 Bg6 15. Qc2 f5 16. Bxe4 fxe4 17. Nd2 axb4 18. axb4 Rxa1 19. Rxa1 Bh4 20. g3 Qf6 21. Rf1 Bg5 22. c5 h5 23. cxd6 cxd6 24. b5 Bf5 25. Kg2 Qg6 26. Ba3 Bg4 27. h3 Be2 28. Ra1 Qf5 29. Qxe4 Qxf2+ 30. Kh1 Bxe3 31. Bxd6 Bxd2 32. Bxf8 Bf3+ 0-1

[Event "25. Offene Herner Stadtmeisterschaft 2024"]
[Site "Herne-Sodingen"]
[Date "2024.03.11"]
[Round "6.5"]
[White "Quast, Marcel"]
[Black "Rohloff, Markus"]
[Result "1/2-1/2"]
[WhiteElo "2156"]
[BlackElo "1896"]
[PlyCount "48"]
[EventDate "2024.??.??"]
[WhiteTeam "SC Gerthe 46 - Werne"]
[BlackTeam "SV Rot-Weiß-Altenessen"]

1. e4 e6 2. d4 d5 3. Nc3 Bb4 4. exd5 exd5 5. Bd3 Ne7 6. Qh5 c6 7. Bg5 g6 8. Qh6 Qa5 9. Nge2 Be6 10. Qg7 Rf8 11. Qxh7 Nd7 12. Qh4 f6 13. Bd2 O-O-O 14. g4 c5 15. dxc5 Nxc5 16. Nd4 Bd7 17. Be2 Ne4 18. Nxe4 dxe4 19. c3 Bd6 20. f4 Nd5 21. Qf2 e3 22. Bxe3 Rfe8 23. Bd2 Bxg4 24. O-O Bxe2 1/2-1/2

[Event "25. Offene Herner Stadtmeisterschaft 2024"]
[Site "Herne-Sodingen"]
[Date "2024.03.11"]
[Round "6.6"]
[White "Waldschmidt, Georg"]
[Black "Klüting, Reiner"]
[Result "1-0"]
[WhiteElo "2090"]
[BlackElo "1861"]
[PlyCount "63"]
[EventDate "2024.??.??"]
[WhiteTeam "SK Sodingen/Castrop 24/23 e. V."]
[BlackTeam "SV Wattenscheid 1930 e"]

1. e4 Nf6 2. e5 Nd5 3. d4 d6 4. c4 Nb6 5. exd6 exd6 6. Nf3 Bg4 7. h3 Bxf3 8. Qxf3 Nc6 9. Be3 Be7 10. Nc3 O-O 11. Be2 Bg5 12. O-O Bxe3 13. fxe3 Qh4 14. Rae1 Rae8 15. Kh2 Qh6 16. Bd3 Nb4 17. e4 Qd2 18. Rd1 Qxb2 19. Nb5 Nxd3 20. Qxd3 Qxa2 21. Na3 f5 22. Rd2 fxe4 23. Qc3 Na4 24. Qe3 Nb2 25. Rc1 Rf5 26. Qc3 Na4 27. Qb4 a5 28. Qxa4 Qxd2 29. Qxe8+ Rf8 30. Qe6+ Kh8 31. Rf1 Rg8 32. Qxe4 1-0

[Event "25. Offene Herner Stadtmeisterschaft 2024"]
[Site "Herne-Sodingen"]
[Date "2024.03.11"]
[Round "6.7"]
[White "Morawietz, Manuel"]
[Black "Schmidt, Ralph"]
[Result "1-0"]
[WhiteElo "1991"]
[BlackElo "1825"]
[PlyCount "57"]
[EventDate "2024.??.??"]
[WhiteTeam "SV Unna 1924"]
[BlackTeam "SV Bochum-Linden-Dahlh"]

1. d4 Nf6 2. c4 d6 3. Nc3 g6 4. e4 Bg7 5. Be2 O-O 6. Be3 e5 7. d5 Nbd7 8. Nf3 a6 9. h3 Qe7 10. g4 Ne8 11. Qc2 c6 12. O-O-O c5 13. Bd3 Nc7 14. Kb1 Rb8 15. Qe2 Qe8 16. Rdg1 Nf6 17. Nd2 b5 18. f3 bxc4 19. Nxc4 Qe7 20. a4 Nd7 21. h4 Nb6 22. g5 Nxc4 23. Bxc4 f5 24. h5 fxe4 25. fxe4 Kf7 26. Bxc5 Ke8 27. Be3 Rb4 28. h6 Bh8 29. Kc2 1-0

[Event "25. Offene Herner Stadtmeisterschaft 2024"]
[Site "Herne-Sodingen"]
[Date "2024.03.11"]
[Round "6.8"]
[White "Cobanoglu, Ferhat"]
[Black "Rath, Michael"]
[Result "0-1"]
[WhiteElo "1951"]
[BlackElo "1673"]
[PlyCount "110"]
[EventDate "2024.??.??"]
[WhiteTeam "SK Sodingen/Castrop 24/23 e. V."]
[BlackTeam "SV Königsspringer Halt"]

1. e4 e6 2. d3 b6 3. g3 Bb7 4. Bg2 d5 5. Nc3 Nf6 6. Nge2 dxe4 7. O-O Na6 8. Bg5 Be7 9. d4 c5 10. Bxf6 Bxf6 11. Nxe4 Bxe4 12. Bxe4 Rb8 13. Qd3 Nb4 14. Qb5+ Qd7 15. Qxd7+ Kxd7 16. c3 Nd5 17. Rad1 c4 18. Bxd5 exd5 19. Nf4 Kd6 20. Rfe1 g6 21. Re2 Rhe8 22. Rde1 Rxe2 23. Rxe2 b5 24. Ng2 b4 25. Ne3 bxc3 26. bxc3 Rb1+ 27. Kg2 Rc1 28. Rc2 Rxc2 29. Nxc2 Bd8 30. Ne3 Ba5 31. Nd1 Kc6 32. Kf1 h5 33. Ke2 Kd6 34. Kd2 h4 35. g4 Ke6 36. f4 Bc7 37. Ke3 g5 38. fxg5 Bxh2 39. Kf3 Bc7 40. Ne3 Ba5 41. Nd1 Bd8 42. Kf4 Be7 43. Nf2 Ba3 44. Nh3 Bc1+ 45. Kf3 Bd2 46. Nf4+ Kd6 47. g6 fxg6 48. Nxg6 h3 49. Nh4 Bxc3 50. g5 Ke6 51. Ng6 h2 52. Kg2 h1=Q+ 53. Kxh1 Bxd4 54. Nf4+ Ke5 55. Ng6+ Ke4 0-1

[Event "25. Offene Herner Stadtmeisterschaft 2024"]
[Site "Herne-Sodingen"]
[Date "2024.03.11"]
[Round "6.10"]
[White "Ribbeheger, Edgar"]
[Black "Boxberg, Olaf"]
[Result "1/2-1/2"]
[WhiteElo "1971"]
[BlackElo "1746"]
[PlyCount "28"]
[EventDate "2024.??.??"]
[WhiteTeam "SK Sodingen/Castrop 24/23 e. V."]
[BlackTeam "SV Datteln 1924"]

1. d4 Nf6 2. c4 d6 3. Nf3 c6 4. Nc3 Qc7 5. e4 e5 6. Be2 Be7 7. O-O O-O 8. h3 Nbd7 9. b3 Re8 10. Bb2 a6 11. Rc1 Bf8 12. dxe5 dxe5 13. Re1 Bc5 14. Qc2 Bd4 1/2-1/2

[Event "25. Offene Herner Stadtmeisterschaft 2024"]
[Site "Herne-Sodingen"]
[Date "2024.03.11"]
[Round "6.11"]
[White "Melmer, Felix"]
[Black "Hielscher, Fabian"]
[Result "1-0"]
[WhiteElo "1969"]
[BlackElo "1736"]
[PlyCount "63"]
[EventDate "2024.??.??"]
[WhiteTeam "SC Gerthe 46 - Werne"]
[BlackTeam "SV Wattenscheid 1930 e"]

1. d4 Nf6 2. c4 e6 3. Bg5 d5 4. cxd5 exd5 5. Nc3 c6 6. e3 Be7 7. Bd3 O-O 8. Qc2 h6 9. Bh4 Nbd7 10. Nge2 Re8 11. f3 Nf8 12. O-O Ne6 13. Rad1 b6 14. Kh1 Bb7 15. Bf2 Qc7 16. e4 dxe4 17. fxe4 Ng4 18. Bg1 Rad8 19. e5 Bg5 20. Rf3 h5 21. Ne4 Qe7 22. Nd6 Rxd6 23. exd6 Qxd6 24. Bh7+ Kh8 25. Rxf7 Be3 26. Ng3 h4 27. Nf5 Qxh2+ 28. Bxh2 Nf2+ 29. Qxf2 Bxf2 30. Rxb7 Kxh7 31. Be5 Rf8 32. Nxg7 1-0

[Event "25. Offene Herner Stadtmeisterschaft 2024"]
[Site "Herne-Sodingen"]
[Date "2024.03.11"]
[Round "6.12"]
[White "Wiechen, Ulrich"]
[Black "Kramer, Martin"]
[Result "1/2-1/2"]
[WhiteElo "1923"]
[BlackElo "1623"]
[PlyCount "56"]
[EventDate "2024.??.??"]
[WhiteTeam "SC Buer-Hassel 1919 e. V."]
[BlackTeam "Dortmunder SV 1875"]

1. e4 c5 2. Nf3 d6 3. d4 cxd4 4. Nxd4 Nf6 5. Nc3 Nc6 6. Be2 g6 7. Be3 Bg7 8. f4 O-O 9. Qd2 Bd7 10. O-O a6 11. Rad1 b5 12. Bf3 Rc8 13. Nd5 Nxd4 14. Bxd4 Nxd5 15. Bxg7 Kxg7 16. exd5 Qb6+ 17. Qf2 Qxf2+ 18. Rxf2 b4 19. Rd4 a5 20. Re2 Rfe8 21. Be4 Bb5 22. Red2 Rc7 23. f5 Rec8 24. Kf2 Ba4 25. a3 Bxc2 26. axb4 axb4 27. Rxb4 Bxe4 28. Rxe4 gxf5 1/2-1/2

[Event "25. Offene Herner Stadtmeisterschaft 2024"]
[Site "Herne-Sodingen"]
[Date "2024.03.11"]
[Round "6.13"]
[White "Winzbeck, Frank"]
[Black "Dlouhy, Peter"]
[Result "1-0"]
[WhiteElo "1850"]
[BlackElo "1729"]
[PlyCount "53"]
[EventDate "2024.??.??"]
[WhiteTeam "SC Buer-Hassel 1919 e. V."]
[BlackTeam "SV Unser Fritz Wanne-E"]

1. d4 Nf6 2. c4 g6 3. Nc3 d5 4. Bg5 Ne4 5. Nxe4 dxe4 6. Qd2 Bg7 7. e3 c5 8. d5 Qb6 9. Rb1 h6 10. Bh4 g5 11. Bg3 Bf5 12. Ne2 Nd7 13. Nc3 Ne5 14. Be2 Rc8 15. O-O h5 16. Rbd1 h4 17. Bxe5 Bxe5 18. f4 exf3 19. Rxf3 Bg4 20. Rf2 Bxe2 21. Qxe2 Qd6 22. h3 Bxc3 23. bxc3 Qg6 24. Qg4 O-O 25. Rdf1 Rcd8 26. e4 Rd6 27. e5 1-0

[Event "25. Offene Herner Stadtmeisterschaft 2024"]
[Site "Herne-Sodingen"]
[Date "2024.03.11"]
[Round "6.14"]
[White "Gritzan, Ulrich"]
[Black "Wiese, Thomas"]
[Result "0-1"]
[WhiteElo "1838"]
[BlackElo "1699"]
[PlyCount "102"]
[EventDate "2024.??.??"]
[WhiteTeam "SC Buer-Hassel 1919 e. V."]
[BlackTeam "SV Kamen 1930"]

1. c4 e5 2. Nc3 Nc6 3. Nf3 Nf6 4. g3 Bb4 5. Nd5 Be7 6. Bg2 O-O 7. O-O d6 8. Nxe7+ Qxe7 9. d3 Re8 10. Bd2 e4 11. Ng5 exd3 12. exd3 Bf5 13. Re1 Qd7 14. Ne4 Nxe4 15. dxe4 Be6 16. b3 Qe7 17. Bc3 Rad8 18. Qh5 f6 19. f4 Bf7 20. Qb5 Rb8 21. Rad1 a6 22. Qf5 Qe6 23. Qd5 Qg4 24. Qd3 Qe6 25. Qf3 Rbd8 26. Qf2 Qc8 27. h3 f5 28. Kh2 Rf8 29. Qb2 Bh5 30. Rd5 Ne7 31. Rd2 c6 32. Bxg7 Rf7 33. Bh6 fxe4 34. Bxe4 d5 35. cxd5 cxd5 36. Rc2 Qd7 37. Bd3 Bg6 38. Rd2 Bxd3 39. Rxd3 Nf5 40. Bg5 Rdf8 41. g4 h6 42. gxf5 hxg5 43. Rg1 Rxf5 44. Rxg5+ Rxg5 45. fxg5 Qd6+ 46. Kg2 Qf4 47. Qd2 Qf1+ 48. Kg3 Qg1+ 49. Kh4 Kg7 50. Qc3+ Kg6 51. Rf3 Qxg5# 0-1

[Event "25. Offene Herner Stadtmeisterschaft 2024"]
[Site "Herne-Sodingen"]
[Date "2024.03.11"]
[Round "6.15"]
[White "Hielscher, Klaus-Peter"]
[Black "Bautz, Volker"]
[Result "1/2-1/2"]
[WhiteElo "1780"]
[BlackElo "1784"]
[PlyCount "59"]
[EventDate "2024.??.??"]
[WhiteTeam "SV Wattenscheid 1930 e"]
[BlackTeam "Bochumer SV 02"]

1. c4 b6 2. Nc3 Bb7 3. e4 e6 4. Nf3 Bb4 5. Qc2 h6 6. Be2 Ne7 7. O-O O-O 8. d4 Bxc3 9. bxc3 d6 10. e5 Nd7 11. exd6 cxd6 12. Ba3 Nf6 13. c5 dxc5 14. dxc5 Rc8 15. Rfd1 Qc7 16. cxb6 axb6 17. Bd6 Qd7 18. Ne5 Qe8 19. Qb3 Nfd5 20. c4 f6 21. cxd5 Bxd5 22. Qxb6 fxe5 23. Bxe5 Qg6 24. Bf1 Rc2 25. Bg3 Qf6 26. Bd3 Rxa2 27. Rxa2 Bxa2 28. Qe3 Bd5 29. Be5 Qh4 30. Qg3 1/2-1/2

[Event "25. Offene Herner Stadtmeisterschaft 2024"]
[Site "Herne-Sodingen"]
[Date "2024.03.11"]
[Round "6.16"]
[White "Sikorski, Thomas"]
[Black "Meier, Jan"]
[Result "0-1"]
[WhiteElo "1728"]
[BlackElo "1781"]
[PlyCount "118"]
[EventDate "2024.??.??"]
[WhiteTeam "SK Sodingen/Castrop 24/23 e. V."]
[BlackTeam "SV Waltrop 1922 e. V."]

1. c4 b6 2. Nf3 Bb7 3. Nc3 c5 4. d4 cxd4 5. Nxd4 Nf6 6. Bg5 d6 7. Bxf6 gxf6 8. e4 Nc6 9. Be2 Rg8 10. O-O Qd7 11. f4 Nxd4 12. Qxd4 f5 13. Bf3 Bg7 14. e5 O-O-O 15. Bxb7+ Qxb7 16. Qd5 dxe5 17. Qxb7+ Kxb7 18. fxe5 e6 19. Rfe1 Rd2 20. Rad1 Bh6 21. Rxd2 Bxd2 22. Rd1 Bxc3 23. bxc3 Rc8 24. Rd7+ Rc7 25. Rxc7+ Kxc7 26. Kf2 Kc6 27. Ke3 Kc5 28. Kd3 a5 29. a4 f4 30. h4 h5 31. Ke4 Kxc4 32. Kxf4 b5 33. axb5 Kxb5 34. g4 hxg4 35. h5 a4 36. h6 a3 37. h7 a2 38. h8=Q a1=Q 39. Qb8+ Kc4 40. Qb4+ Kd3 41. Qd4+ Kc2 42. Kxg4 Qxc3 43. Qa4+ Kd3 44. Qd1+ Kc4 45. Qa4+ Kd5 46. Qd7+ Kxe5 47. Qxf7 Qd4+ 48. Kf3 Qd3+ 49. Kf2 Qd2+ 50. Kf3 Qd1+ 51. Kf2 Qc2+ 52. Kf3 Qe4+ 53. Kf2 Qf4+ 54. Qxf4+ Kxf4 55. Ke2 Ke4 56. Ke1 Ke3 57. Kd1 e5 58. Ke1 e4 59. Kf1 Kd2 0-1

[Event "25. Offene Herner Stadtmeisterschaft 2024"]
[Site "Herne-Sodingen"]
[Date "2024.03.11"]
[Round "6.17"]
[White "Funke, Eckhard"]
[Black "Schicktanz, Florian"]
[Result "1/2-1/2"]
[WhiteElo "1806"]
[BlackElo "1725"]
[PlyCount "82"]
[EventDate "2024.??.??"]
[WhiteTeam "SV Günnigfeld 1922 e."]
[BlackTeam "SV Erkenschwick 1923 e"]

1. d4 f5 2. e4 fxe4 3. Nc3 Nf6 4. Bg5 g6 5. Bc4 Nc6 6. f3 h6 7. Bxf6 exf6 8. fxe4 Na5 9. Qg4 Nxc4 10. Qxg6+ Ke7 11. e5 d5 12. Qxf6+ Ke8 13. Qg6+ Ke7 14. O-O-O Be6 15. Qf6+ Kd7 16. Qxh8 Qg5+ 17. Kb1 Ne3 18. Qf6 Qxg2 19. Nge2 Nxd1 20. Rxd1 Qg5 21. Qxg5 hxg5 22. Rg1 Be7 23. a3 Rh8 24. Rg2 c6 25. Na4 Rf8 26. Ng3 b5 27. Nc3 Rf4 28. Nce2 Rf7 29. Ka2 Bh3 30. Rg1 Rf2 31. Nc1 Rxc2 32. Nh5 Rxh2 33. Nf6+ Bxf6 34. exf6 g4 35. Nd3 Ke6 36. f7 Kxf7 37. Ne5+ Ke6 38. Nxg4 Bxg4 39. Rxg4 Rf2 40. Rg6+ Rf6 41. Rg7 a5 1/2-1/2

[Event "25. Offene Herner Stadtmeisterschaft 2024"]
[Site "Herne-Sodingen"]
[Date "2024.03.11"]
[Round "6.19"]
[White "Boost, Jürgen"]
[Black "Fenchel, Nils"]
[Result "1-0"]
[WhiteElo "1797"]
[BlackElo "1604"]
[PlyCount "101"]
[EventDate "2024.??.??"]
[WhiteTeam "SC Gerthe 46 - Werne"]
[BlackTeam "SC Buer-Hassel 1919 e. V."]

1. e4 c5 2. Nf3 Nc6 3. d4 cxd4 4. Nxd4 e5 5. Nb5 d6 6. N1c3 a6 7. Na3 Be7 8. Nd5 Nf6 9. Nxe7 Qxe7 10. Bg5 b5 11. c3 h6 12. Bxf6 Qxf6 13. Nc2 O-O 14. Ne3 Ne7 15. g3 Bb7 16. Bg2 Qg6 17. Nf5 Rfe8 18. O-O Rad8 19. Qe2 d5 20. Nxe7+ Rxe7 21. exd5 Bxd5 22. Rfd1 Red7 23. Qxe5 Qc6 24. Rxd5 Rxd5 25. Bxd5 Qxd5 26. Qxd5 Rxd5 27. a4 Rd2 28. axb5 axb5 29. b4 Rc2 30. Ra8+ Kh7 31. Rb8 Rxc3 32. Rxb5 Kg6 33. Kf1 Rc2 34. h4 Rb2 35. Kg2 Rb3 36. h5+ Kf6 37. Kh3 Rf3 38. Kg2 Rb3 39. g4 g6 40. f4 Rd3 41. g5+ hxg5 42. fxg5+ Kg7 43. h6+ Kh7 44. Kf2 Rd7 45. Kf3 f6 46. gxf6 Kxh6 47. Kf4 Rf7 48. Ke5 g5 49. Rb8 Kh7 50. Ke6 Ra7 51. f7 1-0

[Event "25. Offene Herner Stadtmeisterschaft 2024"]
[Site "Herne-Sodingen"]
[Date "2024.03.11"]
[Round "6.20"]
[White "Mayeres, Hans-Christian"]
[Black "Gausmann, Thomas"]
[Result "1/2-1/2"]
[WhiteElo "1708"]
[BlackElo "1772"]
[PlyCount "73"]
[EventDate "2024.??.??"]
[WhiteTeam "SC Recklinghausen Altsta"]
[BlackTeam "SG Bochum 1931"]

1. c4 e6 2. g3 d5 3. Bg2 Nf6 4. Nf3 dxc4 5. O-O a6 6. Qc2 Nc6 7. Qxc4 e5 8. Ng5 Qd7 9. Bxc6 Qxc6 10. Qxf7+ Kd8 11. Qb3 Ke8 12. Qc3 Qd6 13. d3 h6 14. Nf3 Bh3 15. Rd1 Ng4 16. Nbd2 Rc8 17. Nc4 Qc5 18. d4 Qd5 19. Ne3 Nxe3 20. Bxe3 e4 21. Ne5 Bd6 22. Ng6 Rg8 23. Bf4 Qe6 24. Ne5 g5 25. Be3 Ke7 26. Rd2 Rcf8 27. Rc1 b5 28. Qb3 Qf6 29. Nc6+ Ke8 30. d5 h5 31. Qc3 Qf7 32. Ne5 Qf5 33. Nc6 h4 34. Nd4 Qxd5 35. Qc6+ Qxc6 36. Nxc6 Bd7 37. Nb8 1/2-1/2

[Event "25. Offene Herner Stadtmeisterschaft 2024"]
[Site "Herne-Sodingen"]
[Date "2024.03.11"]
[Round "6.21"]
[White "Gregoritsch, Dirk"]
[Black "Schneider, Timo"]
[Result "1-0"]
[WhiteElo "1766"]
[BlackElo "1585"]
[PlyCount "41"]
[EventDate "2024.??.??"]
[WhiteTeam "SV Unser Fritz Wanne-E"]
[BlackTeam "SV Datteln 1924"]

1. Nf3 Nf6 2. d4 c5 3. d5 d6 4. c4 g6 5. Nc3 Bg7 6. e4 O-O 7. Bd3 Nbd7 8. h3 e6 9. O-O Nb6 10. Qc2 a6 11. Bd2 Bd7 12. a4 e5 13. Ne2 h5 14. Ba5 Bh6 15. Qb3 Qc8 16. Kh2 Ng4+ 17. Kg1 Ne3 18. fxe3 Bxe3+ 19. Kh2 Bxh3 20. gxh3 Nd7 21. Neg1 1-0

[Event "25. Offene Herner Stadtmeisterschaft 2024"]
[Site "Herne-Sodingen"]
[Date "2024.03.11"]
[Round "6.22"]
[White "Müller-Kreth, Kai"]
[Black "Ponto, Michael"]
[Result "1-0"]
[WhiteElo "1754"]
[BlackElo "1616"]
[PlyCount "108"]
[EventDate "2024.??.??"]
[WhiteTeam "SK Sodingen/Castrop 24/23 e. V."]
[BlackTeam "SV Zeppelin Herne e. V."]

1. c4 e5 2. Nc3 Nf6 3. d3 d5 4. cxd5 Nxd5 5. g3 Nxc3 6. bxc3 Bd6 7. Bg2 O-O 8. e3 c6 9. Ne2 Be6 10. O-O Qc7 11. Qc2 Nd7 12. f4 f6 13. Kh1 Rae8 14. f5 Bf7 15. e4 b5 16. Be3 a5 17. d4 Bc4 18. a3 a4 19. Rfe1 Rd8 20. Nc1 exd4 21. cxd4 c5 22. Nd3 cxd4 23. Bxd4 Ne5 24. Nxe5 Bxe5 25. Bxe5 Qxe5 26. Qf2 Rd4 27. Rad1 Rfd8 28. Rxd4 Qxd4 29. Kg1 Qxf2+ 30. Kxf2 Rd2+ 31. Kf3 Ra2 32. Re3 Rb2 33. h4 Rb3 34. Kf4 Rxe3 35. Kxe3 Kf7 36. Kd4 Ke7 37. Kc5 g6 38. Bf3 Kd7 39. g4 Ke7 40. g5 Bd3 41. Kd4 Bc4 42. Bd1 Bf1 43. Bc2 gxf5 44. exf5 fxg5 45. hxg5 Kf7 46. Ke5 Kg8 47. f6 Bc4 48. Kd4 Bf7 49. Kc5 Bb3 50. Be4 Be6 51. Kxb5 Bb3 52. Kb4 Kh8 53. Bc6 h5 54. gxh6 Kh7 1-0

[Event "25. Offene Herner Stadtmeisterschaft 2024"]
[Site "Herne-Sodingen"]
[Date "2024.03.11"]
[Round "6.23"]
[White "Tolksdorf, Jürgen"]
[Black "Schatte, Michael"]
[Result "1/2-1/2"]
[WhiteElo "1641"]
[BlackElo "1743"]
[PlyCount "96"]
[EventDate "2024.??.??"]
[WhiteTeam "SV Günnigfeld 1922 e."]
[BlackTeam "vereinslos"]

1. e4 c5 2. Nf3 Nc6 3. d4 cxd4 4. Nxd4 e5 5. Nxc6 bxc6 6. Bd2 Nf6 7. Nc3 Qc7 8. Bd3 h6 9. Qe2 Bb7 10. O-O-O O-O-O 11. Ba6 Bc5 12. f3 Rhe8 13. Na4 Bf8 14. Be3 Bxa6 15. Qxa6+ Qb7 16. Qxa7 Qxa7 17. Bxa7 d5 18. Bb6 Rd6 19. Bc5 Rdd8 20. Bxf8 Rxf8 21. Nc5 Nd7 22. Nxd7 Rxd7 23. a4 d4 24. Rd3 Ra7 25. b3 Kc7 26. c3 c5 27. cxd4 cxd4 28. Kb2 Kd6 29. Rc1 Rb8 30. Ka2 Rc7 31. Rxc7 Kxc7 32. f4 f6 33. fxe5 fxe5 34. Rf3 Rd8 35. Kb2 Rd7 36. Kc2 Kd6 37. b4 Kc6 38. Rf8 Rc7 39. Rd8 Kb7+ 40. Kd3 Rc3+ 41. Kd2 Rc4 42. Rd7+ Rc7 43. Rxc7+ Kxc7 44. Kd3 Kb6 45. Kc4 Kc6 46. g4 g6 47. h4 g5 48. h5 Kb6 1/2-1/2